| 000 | 00706cam a2200253Ia 4500 | ||
|---|---|---|---|
| 008 | |||
| 020 | _a0273601040 (pbk.) | ||
| 049 | _aMAIN | ||
| 090 | _aHF5616.G7 | ||
| 100 | 1 | _aSangster, Alan. | |
| 245 | 1 | 0 |
_aWorkbook of accounting standards / _cAlan Sangster. |
| 250 | _a2nd ed. | ||
| 260 |
_aLondon : _bPitman, _c1993. |
||
| 300 |
_axiii, 399 p. ; _c25 cm. |
||
| 500 | _aPrevious ed.: 1991. | ||
| 500 | _aIncludes index. | ||
| 653 | 0 |
_aAccountancy _aStandards |
|
| 650 | 0 |
_aAccounting _xStandards _zGreat Britain. |
|
| 907 |
_a.b10052495 _b23-01-07 _c17-04-03 |
||
| 003 | |||
| 005 | 20230123133823.0 | ||
| 040 | _cNUST | ||
| 942 |
_cBOOKS _kHF5616.G7 |
||
| 999 |
_c155194 _d155194 |
||